000
00279nam a2200109Ia 4500
008
230907s9999||||xx |||||||||||||| ||und||
082
_a
5.133
_b
HEL
245
4
_a
The Python 3 standard library by example /
260
_a
Pearson,
_b
Noida :
_c
2018
300
_a
1413 p.
942
_c
BK
999
_c
600385
_d
600385